Experimental teaching methods in higher education - practical application
Experimentálne vyučovacie metódy vo vysokoškolskom vzdelávaní - praktická aplikácia. Výuka logistiky na Technickej univerzite v Rzeszove (Poľsko).
Salvato in:
| Autore principale: | |
|---|---|
| Altri autori: | |
| Natura: | Capitolo di libro |
| Lingua: | inglese |
| Soggetti: | |
| Tags: |
Nessun Tag, puoi essere il primo ad aggiungerne!!
|
MARC
| LEADER | 00000naa$a2200000$$$4500 | ||
|---|---|---|---|
| 001 | 0177513 | ||
| 005 | 20240502083419.4 | ||
| 041 | 0 | |a eng | |
| 044 | |a BG | ||
| 245 | 1 | 0 | |a Experimental teaching methods in higher education - practical application |c Patrycja Pudło, Beáta Gavurová |
| 520 | |a Experimentálne vyučovacie metódy vo vysokoškolskom vzdelávaní - praktická aplikácia. Výuka logistiky na Technickej univerzite v Rzeszove (Poľsko). | ||
| 610 | 2 | 0 | |a vyučovanie |
| 610 | 2 | 0 | |a výučba vedecká |
| 610 | 2 | 0 | |a metódy |
| 610 | 2 | 0 | |a experimenty |
| 610 | 2 | 0 | |a hry |
| 100 | 1 | |a Pudło, Patrycja | |
| 700 | 1 | |a Gavurová, Beáta, 1972- | |